000 00695nam a22002057a 4500
003 OSt
005 20230201115339.0
008 221006b |||||||| |||| 00| 0 eng d
040 _cBiblioteca Lado V
082 _a808.2
_bF634ch
100 _9710
_aFlores Sancho, Adrian
_eautor
245 _aChoking Hazard/
260 _aCosta Rica
_c2016
_bEdiciones 1390
300 _c10x19.5cm
_a46p.
650 0 _2Tesauro de Arte & Arquitectura
_aLITERATURA
_9702
650 _2Tesauro de Arte & Arquitectura
_aARTE
650 _2Tesauro de Arte & Arquitectura
_aNARRACION
650 _2Tesauro de Arte & Arquitectura
_aLITERATURA COSTARRICENSE
942 _2ddc
_c1
_h808.2
_iF634ch
_n0
999 _c3007
_d3007